000 00574nam a22001937a 4500
999 _c133135
_d133135
005 20240116090001.0
008 240116b ||||| |||| 00| 0 eng d
020 _a9781260469608
040 _cPK-LaUMT
082 _a615.7
_bSHA-
245 _aShargel and Yu's applied biopharmaceutics and pharmacokinetics /
_cedited by Murray P. Ducharme and Leon Shargel
250 _a8th ed.
260 _aNew York :
_bMcGraw-Hill,
_c2022
300 _a1009 p.
650 _aPharmacokinetics
650 _aBiopharmaceutics
650 _a|Drug administration routes
942 _cBK